Tutti gli Stati che hanno controllato Shanghai - Statistics

Statistiche generali
  • Questo quiz è stato fatto 6 volte
  • Il punteggio medio è 12 su 26
Statistiche sulle risposte
con Immagini Hint Risposta % Corretto
1645 - 1911 Dinastia Qing
80%
1849 - 1943 Impero Coloniale Francese (Concessione di Shanghai)
80%
1259 - 1279 Impero Mongolo
80%
420 - 479 Dinastia Liu Song
60%
1368 -1645 Dinastia Ming
60%
1937 - 1945 Impero Giapponese
60%
1949 - Oggi Repubblica Popolare Cinese
60%
557 - 589 Dinastia Chen Meridionale
40%
~400 - 420 Dinastia Jin
40%
502 - 557 Dinastia Liang Meridionale
40%
479 - 502 Dinastia Qi Meridionale
40%
978 - 1259 Dinastia Song
40%
589 - 618 Dinastia Sui
40%
618 - 690 Dinastia Tang
40%
705 - 907 Dinastia Tang
40%
1279 - 1351 Dinastia Yuan
40%
1357 - 1368 Dinastia Yuan
40%
690 - 705 Dinastia Zhou
40%
1915 - 1916 Impero Cinese
40%
1912 - 1915 Prima Repubblica di Cina
40%
907 - 978 Regno di Wuyue
40%
1916 - 1937 Seconda Repubblica di Cina
40%
1945 - 1949 Seconda Repubblica di Cina
40%
1911 - 1912 Alleanza Rivoluzionaria Cinese
20%
1353 - 1357 Regno di Zhang Shicheng
20%
1351 - 1353 Rivolta dei Turbanti Rossi
20%
Nessun quiz corrispondente trovato
Distribuzione punteggi
Percentuale di utenti per punteggio
Percentile per numero di risposta
I tuoi punteggi nel tempo
Non hai fatto questo quiz